000 01042nas a2200253 i 4500
005 20260302104335.0
007 ta
008 260302e1970 dr u p|ro || |ospa || |
011 _a
040 _aDO-SdBNP
_bspa
_cBNPHU
_erda
041 _hspa
110 _aSecretario Técnico de la Presidencia
_bOficina Nacional de Estadística
_989092
245 _aAccidentes del trabajo 1969-1970 /
_cSecretario Técnico de la Presidencia.
264 _aSanto Domingo, República Dominicana :
_bSecretario Técnico de la Presidencia.
_c1970.
300 _avolumen :
_bilustraciones, tablas ;
_c27.5 cm.
310 _aAnual.
336 _atexto
_btxt
_2rdacontent
337 _asin mediación
_bn
_2rdamedia
338 _avolumen
_bnc
_2rdacarrier
362 _aVolumen 25, 1969-1970.
500 _aCatalogación basada en los años combinados: Volumen 25, años 1969-1970, 1973-1974 y 1975-1976.
650 _948039
_aAccidentes de trabajo
_zRepública Dominicana
_vPublicaciones periódicas
_xEstadísticas
942 _cISSUE
_2ddc
999 _c60397
_d60397